[Event "SVK-chT3B2 2223"]
[Site "Slovakia"]
[Date "2022.12.18"]
[Round "4.5"]
[White "Sunal, Jan"]
[Black "Sedlacek, Ondrej"]
[Result "0-1"]
[WhiteElo "1737"]
[BlackElo "1790"]
[PlyCount "82"]
[EventDate "2022.10.23"]
[EventType "team-tourn"]
[EventRounds "11"]
[EventCountry "SVK"]
[SourceTitle "EXT 2024"]
[Source "ChessBase"]
[SourceDate "2023.10.10"]
[SourceVersion "1"]
[SourceVersionDate "2023.10.10"]
[SourceQuality "1"]
[WhiteTeam "Lehota pod Vtacnikom"]
[BlackTeam "Trencin PK"]
[WhiteTeamCountry "SVK"]
[BlackTeamCountry "SVK"]

1. e4 d5 2. exd5 Nf6 3. c4 e6 4. dxe6 Bxe6 5. Nf3 Nc6 6. Be2 Bc5 7. 0-0 0-0 8. d3 Re8 9. Bg5 Nd4 10. Nc3 Nxe2+ 11. Nxe2 Bg4 12. Nf4 h6 13. Bxf6 Qxf6 14. Nd5 Qd8 15. h3 Bf5 16. d4 Bf8 17. Ne3 Bh7 18. Qb3 Be4 19. Nc2 Qd6 20. Rad1 Qg6 21. Nce1 Re6 22. Ne5 Qh5 23. f3 Rb6 24. Qe3 Bh7 25. Rd2 Re8 26. Qf2 Bb4 27. Re2 Bf8 28. N1d3 f6 29. c5 fxe5 30. g4 Qg5 31. f4 Qd8 32. Nxe5 Rb4 33. Rd2 Be4 34. a3 Rb3 35. Qe2 Rg3+ 36. Kh2 Rg2+ 37. Qxg2 Bxg2 38. Kxg2 Bxc5 39. Rfd1 Qd5+ 40. Kg3 Bd6 41. b4 g5 0-1

[Event "SVK-chT3B2 2223"]
[Site "Slovakia"]
[Date "2022.12.04"]
[Round "3.4"]
[White "Sunal, Jan"]
[Black "Hrubisko, Lukas"]
[Result "1/2-1/2"]
[WhiteElo "1737"]
[BlackElo "1346"]
[PlyCount "26"]
[EventDate "2022.10.23"]
[EventType "team-tourn"]
[EventRounds "11"]
[EventCountry "SVK"]
[SourceTitle "EXT 2024"]
[Source "ChessBase"]
[SourceDate "2023.10.10"]
[SourceVersion "1"]
[SourceVersionDate "2023.10.10"]
[SourceQuality "1"]
[WhiteTeam "Lehota pod Vtacnikom"]
[BlackTeam "Dubnica nad Vahom V"]
[WhiteTeamCountry "SVK"]
[BlackTeamCountry "SVK"]

1. e4 e5 2. Nf3 Nf6 3. Nc3 Nc6 4. d4 exd4 5. Nxd4 d6 6. Bb5 Bd7 7. 0-0 Be7 8. Nd5 0-0 9. Bxc6 bxc6 10. Nxe7+ Qxe7 11. f3 c5 12. Nb3 h6 13. c4 Ba4 1/2-1/2

[Event "SVK-chT3B2 1819"]
[Site "Slovakia"]
[Date "2019.04.14"]
[Round "11.5"]
[White "Kutny, Marian1111"]
[Black "Sunal, Jan"]
[Result "0-1"]
[WhiteElo "1507"]
[BlackElo "1734"]
[PlyCount "104"]
[EventDate "2018.10.21"]
[EventType "team-tourn"]
[EventRounds "11"]
[EventCountry "SVK"]
[SourceTitle "EXT 2020"]
[Source "ChessBase"]
[SourceDate "2019.10.17"]
[SourceVersion "1"]
[SourceVersionDate "2019.10.17"]
[SourceQuality "1"]
[WhiteTeam "Belusa"]
[BlackTeam "Bojnice"]
[WhiteTeamCountry "SVK"]
[BlackTeamCountry "SVK"]

1. e4 e5 2. Bc4 Nf6 3. d3 Be7 4. Nc3 d6 5. h3 0-0 6. Nf3 Nc6 7. Bg5 Na5 8. Bxf6 Bxf6 9. Nd5 Nxc4 10. Nxf6+ Qxf6 11. dxc4 Be6 12. b3 Qg6 13. Qe2 a5 14. g4 f6 15. Nd2 c6 16. f3 d5 17. 0-0-0 a4 18. Kb2 axb3 19. cxb3 Qf7 20. Rc1 Qe7 21. c5 Qc7 22. exd5 Bxd5 23. Nc4 Rfd8 24. Nb6 Ra6 25. Rhd1 Rxb6 26. cxb6 Qxb6 27. Rc3 Ra8 28. Qe3 Qb4 29. Ra1 Qa3+ 30. Kc2 h6 31. Qb6 Qe7 32. a4 Qf7 33. Kb2 Ra6 34. Qd8+ Kh7 35. Qc8 Be6 36. Qd8 Bd5 37. Qc8 Be6 38. Qd8 Bd5 39. a5 e4 40. fxe4 Bxe4 41. Re1 f5 42. Rce3 Qe6 43. gxf5 Qe5+ 44. Rc3 Rxa5 45. Qd2 Qxf5 46. Rce3 Rd5 47. Qc3 Rc5 48. Qb4 Rc2+ 49. Ka3 Bd5 50. Qg4 Qf6 51. Re5 Qd6+ 52. b4 Ra2# 0-1

[Event "SVK-chT2B 1718"]
[Site "Slovakia"]
[Date "2018.02.04"]
[Round "7.3"]
[White "Sunal, Jan"]
[Black "Bielik, Jakub"]
[Result "0-1"]
[WhiteElo "1740"]
[BlackElo "1927"]
[PlyCount "82"]
[EventDate "2017.10.28"]
[EventType "team-tourn"]
[EventRounds "11"]
[EventCountry "SVK"]
[SourceTitle "EXT 2019"]
[Source "ChessBase"]
[SourceDate "2018.10.10"]
[SourceVersion "1"]
[SourceVersionDate "2018.10.10"]
[SourceQuality "1"]
[WhiteTeam "Lehota pod Vtacnikom"]
[BlackTeam "Povazske Podhradie"]
[WhiteTeamCountry "SVK"]
[BlackTeamCountry "SVK"]

1. e4 e6 2. d4 d5 3. exd5 exd5 4. Nf3 Nc6 5. Be2 Nf6 6. 0-0 Be7 7. Nc3 0-0 8. Bf4 Bf5 9. Nb5 Rc8 10. Ne5 Nb4 11. c3 Nc2 12. Rc1 a6 13. Nxc7 Rxc7 14. Nd3 Nxd4 15. cxd4 Rxc1 16. Qxc1 Ne4 17. Nc5 Qb6 18. g4 Nxc5 19. dxc5 Qg6 20. Qd1 Bxc5 21. Kh1 Bd7 22. f3 Bc6 23. Bd3 Qf6 24. Qc1 d4 25. Kg2 Ba7 26. Bg5 Qd6 27. Bf4 Qd8 28. Qc2 h6 29. Qd2 Qh4 30. Bg3 Qxg4 31. Qc2 Qd7 32. Bf5 Qd5 33. b3 Re8 34. Be4 Qxe4 35. Qxe4 Bxe4 36. fxe4 Rxe4 37. Bf2 Re2 38. Kf3 Rxa2 39. Rc1 Rb2 40. Rc8+ Kh7 41. Rc7 Rxb3+ 0-1

[Event "SVK-chT3B2 1718"]
[Site "Slovakia"]
[Date "2018.01.07"]
[Round "7.5"]
[White "Sosovickova, Jana"]
[Black "Sunal, Jan"]
[Result "1/2-1/2"]
[WhiteElo "1534"]
[BlackElo "1707"]
[PlyCount "48"]
[EventDate "2017.10.08"]
[EventType "team-tourn"]
[EventRounds "11"]
[EventCountry "SVK"]
[SourceTitle "EXT 2019"]
[Source "ChessBase"]
[SourceDate "2018.10.10"]
[SourceVersion "1"]
[SourceVersionDate "2018.10.10"]
[SourceQuality "1"]
[WhiteTeam "Dubnica nad Vahom IV"]
[BlackTeam "Bojnice"]
[WhiteTeamCountry "SVK"]
[BlackTeamCountry "SVK"]

1. d4 d5 2. c4 dxc4 3. Nc3 Nf6 4. e3 e6 5. Bxc4 Be7 6. Nf3 0-0 7. 0-0 a6 8. Bd2 Nbd7 9. Rc1 Nb6 10. Bb3 Bd7 11. Qc2 Rc8 12. Ne5 c5 13. dxc5 Rxc5 14. Nxd7 Nbxd7 15. Qd3 Qb8 16. Ne4 Ne5 17. Qb1 Rxc1 18. Rxc1 Rd8 19. Rd1 h6 20. Bc3 Rxd1+ 21. Bxd1 Nxe4 22. Qxe4 Bf6 23. Bc2 g6 24. Qf4 Bg7 1/2-1/2

[Event "SVK-chT3B2 1617"]
[Site "Slovakia"]
[Date "2017.02.19"]
[Round "8.3"]
[White "Sunal, Jan"]
[Black "Krisko, Milan"]
[Result "1/2-1/2"]
[WhiteElo "1733"]
[BlackElo "1793"]
[PlyCount "87"]
[EventDate "2016.10.16"]
[EventType "team-tourn"]
[EventRounds "11"]
[EventCountry "SVK"]
[SourceTitle "EXT 2018"]
[Source "ChessBase"]
[SourceDate "2017.10.13"]
[SourceVersion "1"]
[SourceVersionDate "2017.10.13"]
[SourceQuality "1"]
[WhiteTeam "Lehota pod Vtacnikom"]
[BlackTeam "Handlova"]
[WhiteTeamCountry "SVK"]
[BlackTeamCountry "SVK"]

1. e4 e5 2. Nf3 Nc6 3. d4 exd4 4. Nxd4 Ne5 5. Be2 d6 6. 0-0 Nf6 7. Nc3 Be7 8. h3 0-0 9. Bf4 Bd7 10. Nf3 Ng6 11. Bh2 Bc6 12. Bd3 Nd7 13. Nd4 Bf6 14. Nxc6 bxc6 15. Qd2 Rb8 16. b3 Nc5 17. Rad1 Re8 18. f3 Ne6 19. Ne2 Qe7 20. c4 c5 21. Kh1 Nd4 22. Nc3 c6 23. Ne2 Qc7 24. Bb1 Qe7 25. Qd3 Nf8 26. Bg1 Nxe2 27. Qxe2 Ne6 28. Bh2 Bd4 29. f4 Nf8 30. Qf3 Rbc8 31. Rde1 Qf6 32. Qg3 Qg6 33. Qf3 Qf6 34. g4 g6 35. Qg3 Nd7 36. g5 Qe7 37. Qf3 f6 38. h4 Kf8 39. Qg4 Kf7 40. e5 dxe5 41. fxe5 f5 42. Qf3 Qe6 43. Re2 Re7 44. Rfe1 1/2-1/2

[Event "SVK-chT3B2 1617"]
[Site "Slovakia"]
[Date "2017.01.29"]
[Round "7.3"]
[White "Struhar, Jan"]
[Black "Sunal, Jan"]
[Result "0-1"]
[WhiteElo "2099"]
[BlackElo "1733"]
[PlyCount "46"]
[EventDate "2016.10.16"]
[EventType "team-tourn"]
[EventRounds "11"]
[EventCountry "SVK"]
[SourceTitle "EXT 2018"]
[Source "ChessBase"]
[SourceDate "2017.10.13"]
[SourceVersion "1"]
[SourceVersionDate "2017.10.13"]
[SourceQuality "1"]
[WhiteTeam "Nemsova Horne Srnie"]
[BlackTeam "Lehota pod Vtacnikom"]
[WhiteTeamCountry "SVK"]
[BlackTeamCountry "SVK"]

1. e4 e5 2. Nf3 d6 3. d4 exd4 4. Nxd4 Nf6 5. Nc3 a6 6. Be2 Be7 7. 0-0 0-0 8. Bf3 Nbd7 9. g3 Ne5 10. Bg2 h6 11. h3 Bd7 12. Nf5 Bxf5 13. exf5 Rb8 14. Re1 Qd7 15. Nd5 Nxd5 16. Qxd5 Bf6 17. g4 c6 18. Qb3 Rbe8 19. f4 Nf3+ 20. Bxf3 Rxe1+ 21. Kf2 Rfe8 22. c3 Qe7 23. g5 Rxc1 0-1

[Event "SVK-chT2B 1415"]
[Site "Slovakia"]
[Date "2014.12.06"]
[Round "5.2"]
[White "Sunal, Jan"]
[Black "Korytar, Stefan"]
[Result "1-0"]
[WhiteElo "1741"]
[BlackElo "1000"]
[PlyCount "51"]
[EventDate "2014.10.11"]
[EventType "team-tourn"]
[EventRounds "11"]
[EventCountry "SVK"]
[SourceTitle "EXT 2019"]
[Source "ChessBase"]
[SourceDate "2018.10.10"]
[SourceVersion "1"]
[SourceVersionDate "2018.10.10"]
[SourceQuality "1"]
[WhiteTeam "Bojnice SK PRM"]
[BlackTeam "Topolcianky SK"]
[WhiteTeamCountry "SVK"]
[BlackTeamCountry "SVK"]

1. e4 c5 2. Nf3 g6 3. Bc4 Bg7 4. c3 e6 5. d4 cxd4 6. cxd4 Ne7 7. 0-0 0-0 8. Nc3 a6 9. a3 b5 10. Bb3 Bb7 11. Bf4 d5 12. e5 Nbc6 13. Qd2 Qb6 14. Rad1 Nf5 15. Ne2 Na5 16. Ba2 Nc4 17. Bxc4 bxc4 18. g4 Ne7 19. Bg5 Nc6 20. Bf6 Qa5 21. Qf4 Na7 22. Ng3 Nb5 23. Nh5 Bxf6 24. exf6 Kh8 25. Qh6 Rg8 26. Ng5 1-0

[Event "SVK-chT2B 1314"]
[Site "Slovakia"]
[Date "2013.10.19"]
[Round "1.7"]
[White "Marko, Anton"]
[Black "Sunal, Jan"]
[Result "1-0"]
[WhiteElo "2079"]
[BlackElo "1829"]
[PlyCount "57"]
[EventDate "2013.10.19"]
[EventType "team-tourn"]
[EventRounds "11"]
[EventCountry "SVK"]
[SourceTitle "EXT 2015"]
[Source "ChessBase"]
[SourceDate "2014.11.20"]
[SourceVersion "1"]
[SourceVersionDate "2014.11.20"]
[SourceQuality "1"]
[WhiteTeam "Topolcany"]
[BlackTeam "Bojnice"]
[WhiteTeamCountry "SVK"]
[BlackTeamCountry "SVK"]

1. c4 e5 2. Nc3 Nf6 3. g3 Be7 4. Bg2 d6 5. e3 Nbd7 6. Nge2 0-0 7. 0-0 Rb8 8. d4 exd4 9. exd4 Nb6 10. b3 Bf5 11. a4 d5 12. a5 Nc8 13. Nxd5 Nxd5 14. Bxd5 c6 15. Bg2 a6 16. Bf4 Ra8 17. Qd2 Bf6 18. Rad1 Nd6 19. Nc3 Bg4 20. f3 Bc8 21. g4 Re8 22. Rfe1 Bh4 23. Rxe8+ Nxe8 24. d5 Qxa5 25. Na4 Qxd2 26. Rxd2 Bd7 27. Nb6 Rd8 28. g5 Be1 29. Re2 1-0